[Event "Karl Mala Memorial op 15th"]
[Site "Frankfurt"]
[Date "2012.07.08"]
[Round "6"]
[White "Fornoff, Robin"]
[Black "Kuhn, Gerhard"]
[Result "1/2-1/2"]
[WhiteElo "1870"]
[BlackElo "2018"]
[PlyCount "101"]
[EventDate "2012.07.05"]
[EventType "swiss"]
[EventRounds "7"]
[EventCountry "GER"]
[SourceTitle "CBM 149 Extra"]
[Source "ChessBase"]
[SourceDate "2012.08.24"]
[SourceVersion "1"]
[SourceVersionDate "2012.08.24"]
[SourceQuality "1"]

1. e4 d5 2. exd5 Qxd5 3. Nc3 Qd6 4. d4 Nf6 5. Bd3 a6 6. Nge2 Nc6 7. Bf4 Qd8 8. Qd2 Bg4 9. f3 Bh5 10. 0-0-0 e6 11. Rhe1 Bd6 12. d5 Ne7 13. dxe6 0-0 14. exf7+ Bxf7 15. Bxd6 Qxd6 16. Ng3 Rfe8 17. Nge4 Nxe4 18. Nxe4 Qb6 19. Nc3 Ng6 20. Be4 Ne5 21. Nd5 Qc5 22. Qg5 Kf8 23. Bxh7 Nc4 24. Rxe8+ Rxe8 25. Qf4 Ne5 26. Be4 Qa5 27. Nc3 c6 28. Qf5 Qb6 29. b3 Qe3+ 30. Kb2 Qh6 31. f4 g6 32. Qg5 Qxg5 33. fxg5 Kg7 34. Rd6 Re7 35. g3 Ng4 36. h3 Ne5 37. Ka3 Be6 38. g4 Kf8 39. Rd2 Kg8 40. Kb4 Nf7 41. Kc5 Nxg5 42. Bg2 Nf7 43. Re2 Kf8 44. Ne4 Bd5 45. c4 Bxe4 46. Rxe4 Rd7 47. Re6 Nh8 48. Rd6 Re7 49. Rd8+ Kg7 50. Kd6 Re2 51. Kc7 1/2-1/2

[Event "Karl Mala Memorial op 15th"]
[Site "Frankfurt"]
[Date "2012.07.07"]
[Round "5"]
[White "Budde, Michael"]
[Black "Fornoff, Robin"]
[Result "1/2-1/2"]
[WhiteElo "1638"]
[BlackElo "1870"]
[PlyCount "51"]
[EventDate "2012.07.05"]
[EventType "swiss"]
[EventRounds "7"]
[EventCountry "GER"]
[SourceTitle "CBM 149 Extra"]
[Source "ChessBase"]
[SourceDate "2012.08.24"]
[SourceVersion "1"]
[SourceVersionDate "2012.08.24"]
[SourceQuality "1"]

1. d4 d5 2. c4 dxc4 3. e3 Nf6 4. Bxc4 e6 5. Nc3 a6 6. Nf3 c5 7. 0-0 cxd4 8. exd4 b5 9. Bb3 Bb7 10. Bg5 Be7 11. Re1 0-0 12. d5 exd5 13. Nxd5 Bxd5 14. Bxd5 Ra7 15. Bb3 Rd7 16. Qe2 Nd5 17. Bxe7 Nxe7 18. Rad1 Nbc6 19. Rxd7 Qxd7 20. Ne5 Nxe5 21. Qxe5 Ng6 22. Qe4 Rd8 23. h3 Kf8 24. Qf3 Qc7 25. Qe3 Rc8 26. Rd1 1/2-1/2

[Event "Karl Mala Memorial op 15th"]
[Site "Frankfurt"]
[Date "2012.07.05"]
[Round "1"]
[White "Kunin, Vitaly L"]
[Black "Fornoff, Robin"]
[Result "1-0"]
[WhiteElo "2491"]
[BlackElo "1870"]
[PlyCount "39"]
[EventDate "2012.07.05"]
[EventType "swiss"]
[EventRounds "7"]
[EventCountry "GER"]
[SourceTitle "CBM 149 Extra"]
[Source "ChessBase"]
[SourceDate "2012.08.24"]
[SourceVersion "1"]
[SourceVersionDate "2012.08.24"]
[SourceQuality "1"]

1. d4 d5 2. c4 dxc4 3. Nf3 Nf6 4. e3 e6 5. Bxc4 a6 6. a4 c5 7. 0-0 Nc6 8. Qe2 cxd4 9. Rd1 Be7 10. exd4 Nb4 11. Nc3 0-0 12. Bg5 Nfd5 13. Bxe7 Nxe7 14. Ne5 b6 15. Rd2 Bb7 16. Nxf7 Rxf7 17. Bxe6 Qc7 18. d5 Rd8 19. Bxf7+ Kxf7 20. Qe6+ 1-0

[Event "Hessen-ch U18"]
[Site "Bad Homburg"]
[Date "2012.??.??"]
[Round "2"]
[White "Fornoff, Robin"]
[Black "Hahn, Markus"]
[Result "1/2-1/2"]
[WhiteElo "1870"]
[BlackElo "2148"]
[PlyCount "119"]
[EventDate "2012.04.??"]
[EventType "swiss"]
[EventRounds "9"]
[EventCountry "GER"]
[SourceTitle "EXT 2015"]
[Source "ChessBase"]
[SourceDate "2014.11.20"]
[SourceVersion "1"]
[SourceVersionDate "2014.11.20"]
[SourceQuality "1"]

1. e4 c6 2. Nf3 d5 3. exd5 cxd5 4. Ne5 Nc6 5. Bb5 Qb6 6. Qe2 Nf6 7. d4 a6 8. Ba4 Qb4+ 9. Nc3 Bd7 10. Nxd7 Nxd7 11. 0-0 Nb6 12. a3 Qd6 13. Bxc6+ bxc6 14. Qf3 Qf6 15. Qxf6 gxf6 16. Re1 e6 17. Bf4 Kd7 18. b3 Rg8 19. h3 Rc8 20. Ne2 Bg7 21. Rad1 Bf8 22. a4 Bb4 23. c3 Be7 24. Nc1 Rg6 25. Nd3 Rcg8 26. Kh1 Nc8 27. Rg1 a5 28. Rb1 Nb6 29. f3 Ra8 30. Rge1 Rgg8 31. Bh2 Ra7 32. Re2 Rga8 33. Bf4 Bd6 34. Bxd6 Kxd6 35. Kg1 Nd7 36. Kf2 Rc8 37. Ke3 c5 38. dxc5+ Nxc5 39. Nxc5 Rxc5 40. Kd3 Rac7 41. Rc2 f5 42. g4 f4 43. Re1 e5 44. Rec1 h5 45. Rh1 Rc8 46. c4 Rb8 47. Rb1 hxg4 48. hxg4 Rb4 49. Rbb2 dxc4+ 50. bxc4 Rxa4 51. Rb6+ Rc6 52. Rb5 Ke6 53. Rb8 Ra1 54. Re8+ Kf6 55. Ke4 Rc5 56. g5+ Kg6 57. Rg8+ Kh7 58. Ra8 Rh1 59. Kf5 Kg7 60. Re2 1/2-1/2

[Event "Hessen-ch U18"]
[Site "Bad Homburg"]
[Date "2012.??.??"]
[Round "1"]
[White "Miemelt, Bernd"]
[Black "Fornoff, Robin"]
[Result "0-1"]
[WhiteElo "1623"]
[BlackElo "1870"]
[PlyCount "172"]
[EventDate "2012.04.??"]
[EventType "swiss"]
[EventRounds "9"]
[EventCountry "GER"]
[SourceTitle "EXT 2015"]
[Source "ChessBase"]
[SourceDate "2014.11.20"]
[SourceVersion "1"]
[SourceVersionDate "2014.11.20"]
[SourceQuality "1"]

1. f4 d6 2. Nf3 g6 3. e4 Bg7 4. c3 Nf6 5. Bd3 Nbd7 6. 0-0 Nc5 7. Bc2 Nfxe4 8. Bxe4 Nxe4 9. Qa4+ c6 10. Qxe4 Bf5 11. Qa4 0-0 12. d4 b5 13. Qd1 Qb6 14. Be3 Rfd8 15. Qe2 Rac8 16. Nbd2 c5 17. Nb3 c4 18. Nbd2 Bd3 19. Qf2 Bxf1 20. Nxf1 Qb7 21. Bd2 Re8 22. Re1 e6 23. Ne3 a5 24. a3 Rcd8 25. Qh4 Qe7 26. Qxe7 Rxe7 27. Ng4 Rde8 28. Re2 f6 29. Be1 Kf7 30. Bg3 Rb7 31. Nf2 d5 32. Nd1 b4 33. axb4 axb4 34. Be1 bxc3 35. Bxc3 Bf8 36. Kf2 Ra8 37. Ke3 Ra1 38. Kd2 Bd6 39. g3 Bb4 40. Ne1 Bxc3+ 41. bxc3 Rbb1 42. Ne3 h5 43. h4 Ra8 44. g4 hxg4 45. Nxg4 Rh8 46. Rh2 Kg7 47. Nf3 Rb2+ 48. Kc1 Rb3 49. Rc2 Ra8 50. Kd2 Ra1 51. Nf2 Rba3 52. Nd1 R3a2 53. Rxa2 Rxa2+ 54. Ke3 Kh6 55. Nf2 Rc2 56. Nd1 Kh5 57. Ne1 Ra2 58. Nf3 Kg4 59. Ng1 Kxh4 60. Ne2 g5 61. fxg5 fxg5 62. Kf2 g4 63. Ne3 Kg5 64. Ng2 Ra8 65. Nef4 Kf5 66. Ke3 Ra2 67. Ne2 e5 68. Ng3+ Kg5 69. Ne2 exd4+ 70. cxd4 Ra3+ 71. Kd2 Rd3+ 72. Kc2 Rf3 73. Kd2 c3+ 74. Nxc3 Rf2+ 75. Ke3 Rxg2 76. Nxd5 Ra2 77. Nf4 Ra8 78. Ne6+ Kf5 79. d5 Ra1 80. Kf2 Rd1 81. Nc7 Kg5 82. Kg3 Rd3+ 83. Kg2 Kh4 84. Ne6 Rd2+ 85. Kf1 Rxd5 86. Nf4 Rf5 0-1

[Event "GER-chT U20"]
[Site "Osnabrueck"]
[Date "2011.12.29"]
[Round "5.3"]
[White "Fornoff, Robin"]
[Black "Rickmann, David"]
[Result "1-0"]
[WhiteElo "1806"]
[BlackElo "1714"]
[PlyCount "93"]
[EventDate "2011.12.27"]
[EventType "team-swiss"]
[EventRounds "7"]
[EventCountry "GER"]
[SourceTitle "CBM 146 Extra"]
[Source "ChessBase"]
[SourceDate "2012.02.29"]
[SourceVersion "1"]
[SourceVersionDate "2012.02.29"]
[SourceQuality "1"]
[WhiteTeam "Gernsheim"]
[BlackTeam "Magdeburg Aufbau Elbe"]
[WhiteTeamCountry "GER"]
[BlackTeamCountry "GER"]

1. e4 d5 2. exd5 Qxd5 3. Nc3 Qd6 4. d4 Nf6 5. Bd3 a6 6. Nge2 Bg4 7. Bf4 Qd7 8. f3 Bh5 9. Qd2 Nc6 10. 0-0-0 0-0-0 11. Rhe1 e6 12. Bc4 Na5 13. Bd3 Nc6 14. Ne4 Nd5 15. Bg3 Ndb4 16. c3 Nxd3+ 17. Qxd3 f6 18. Nf4 Bf7 19. Qe2 Qe8 20. Kb1 e5 21. dxe5 Nxe5 22. Rxd8+ Qxd8 23. Rd1 Qe8 24. Nd5 Qc6 25. Bxe5 Bxd5 26. Bg3 Be7 27. Nf2 Bc5 28. Qd2 Be6 29. Ne4 Bf5 30. Qf4 Bxe4+ 31. fxe4 Bd6 32. Qf5+ Qd7 33. Bxd6 Qxf5 34. exf5 Rd8 35. Kc2 cxd6 36. Re1 Rd7 37. Kd3 Kc7 38. Kd4 Kc6 39. Re3 b6 40. g4 d5 41. Re6+ Rd6 42. Re7 Rd7 43. Rxd7 Kxd7 44. Kxd5 g6 45. h4 gxf5 46. gxf5 h5 47. c4 1-0

[Event "GER-chT U16"]
[Site "Naumburg"]
[Date "2010.12.27"]
[Round "2.2"]
[White "Fornoff, Robin"]
[Black "Kaiser, Dominik"]
[Result "1/2-1/2"]
[WhiteElo "1663"]
[BlackElo "1732"]
[PlyCount "46"]
[EventDate "2010.12.27"]
[EventType "team-swiss"]
[EventRounds "7"]
[EventCountry "GER"]
[SourceTitle "CBM 140 Extra"]
[Source "ChessBase"]
[SourceDate "2011.03.01"]
[SourceVersion "1"]
[SourceVersionDate "2011.03.01"]
[SourceQuality "1"]
[WhiteTeam "Gernsheim"]
[BlackTeam "Lappersdorf"]
[WhiteTeamCountry "GER"]
[BlackTeamCountry "GER"]

1. e4 d5 2. exd5 Qxd5 3. Nc3 Qa5 4. d4 Nf6 5. Bf4 c6 6. Bd3 e6 7. a3 Nd5 8. Bd2 Qc7 9. Nf3 Nxc3 10. Bxc3 Nd7 11. Qe2 Bd6 12. 0-0-0 Nf6 13. g3 Bd7 14. Ne5 Bxe5 15. dxe5 Nd5 16. Bd2 0-0-0 17. c4 Ne7 18. Bb4 c5 19. Bc3 Ba4 20. Bc2 Bxc2 21. Qxc2 Nc6 22. Qe4 a6 23. Qf4 Qe7 1/2-1/2